000 00544nam a2200181 u 4500
001 000279666
003 AM-YeHGA
005 20250618071831.0
008 031104s1988 ||| r 000 0 arm d
040 _aAM-YeHGA
041 0 _aarm
100 1 _aՉոբանյան, Հակոբ Վաղարշակի
245 1 0 _aՄիգապած շավիղներով /
_cՀակոբ Չոբանյան.
260 _aԹբիլիսի :
_bՄերանի,
_c1988.
300 _a158 էջ
650 1 4 _aՀայրենական Մեծ պատերազմ
_9887
090 _c103544
999 _c102225
_d102225